[Event "Politiken Cup 10th"]
[Site "Copenhagen"]
[Date "1988.??.??"]
[Round "2"]
[White "Karsa, Laszlo"]
[Black "Munck Mortensen, Peter"]
[Result "1-0"]
[WhiteElo "2400"]
[BlackElo "2290"]
[PlyCount "95"]
[EventDate "1988.06.??"]
[EventType "swiss"]
[EventRounds "10"]
[EventCountry "DEN"]
[SourceTitle "TD"]
[Source "ChessBase"]
[SourceDate "1994.03.01"]
[SourceVersion "1"]
[SourceVersionDate "1994.03.01"]
[SourceQuality "1"]

1. d4 Nf6 2. c4 c5 3. d5 d6 4. Nc3 g6 5. e4 Bg7 6. f3 0-0 7. Bg5 h6 8. Be3 e6 9. Qd2 exd5 10. cxd5 Kh7 11. Nge2 a6 12. a4 Nbd7 13. Nc1 Ne5 14. Be2 Bd7 15. 0-0 g5 16. f4 Neg4 17. e5 Nxe3 18. Qxe3 gxf4 19. Qd3+ Kh8 20. exf6 Qxf6 21. Qf3 Qd4+ 22. Kh1 Qd2 23. Nd3 Rae8 24. Rad1 Qc2 25. Rc1 Qb3 26. Bd1 Qc4 27. Nb5 Qa2 28. Nxd6 Re3 29. Qxf4 Rxd3 30. Be2 Qxd5 31. Bxd3 Qxd3 32. Nxf7+ Kg8 33. Rcd1 Qf5 34. Qxf5 Bxf5 35. Rxf5 Rxf7 36. Rd8+ Bf8 37. Rxf7 Kxf7 38. Rd7+ Ke6 39. Rxb7 Kd5 40. Rb6 a5 41. g4 Ke4 42. Rb5 Kf3 43. Rxa5 Kxg4 44. Rb5 c4 45. a5 Bg7 46. Rb4 Kf5 47. Rxc4 Bxb2 48. a6 1-0

[Event "Politiken Cup 10th"]
[Site "Copenhagen"]
[Date "1988.??.??"]
[Round "5"]
[White "Riemersma, Liafbern"]
[Black "Munck Mortensen, Peter"]
[Result "1-0"]
[WhiteElo "2420"]
[BlackElo "2290"]
[PlyCount "95"]
[EventDate "1988.06.??"]
[EventType "swiss"]
[EventRounds "10"]
[EventCountry "DEN"]
[SourceTitle "TD"]
[Source "ChessBase"]
[SourceDate "1994.03.01"]
[SourceVersion "1"]
[SourceVersionDate "1994.03.01"]
[SourceQuality "1"]

1. e4 Nf6 2. e5 Nd5 3. d4 d6 4. Nf3 Bg4 5. Be2 e6 6. 0-0 Be7 7. h3 Bh5 8. c4 Nb6 9. Nc3 0-0 10. Be3 d5 11. c5 Bxf3 12. gxf3 Nc8 13. Kh2 f6 14. f4 f5 15. b4 Qe8 16. Bh5 g6 17. Bf3 Kh8 18. b5 a6 19. Qa4 Ra7 20. Qb3 b6 21. c6 axb5 22. Nxb5 Ra5 23. Bd2 Nxc6 24. Be2 Rxb5 25. Bxb5 Nxd4 26. Bxe8 Nxb3 27. axb3 Rxe8 28. Ra8 Kg7 29. Rc1 c5 30. Rca1 Kf7 31. Rb8 Nd6 32. exd6 Rxb8 33. Ra7 Re8 34. Rb7 Kf6 35. dxe7 Rxe7 36. Rxb6 Rc7 37. b4 cxb4 38. Bxb4 h6 39. Bd6 Rd7 40. Be5+ Kf7 41. h4 d4 42. Rd6 Rxd6 43. Bxd6 d3 44. Bb4 e5 45. fxe5 f4 46. Bd2 g5 47. hxg5 hxg5 48. Kh3 1-0

[Event "Aarhus-C"]
[Site "Aarhus"]
[Date "1987.??.??"]
[Round "6"]
[White "Jacobsen, Bo"]
[Black "Munck Mortensen, Peter"]
[Result "1/2-1/2"]
[WhiteElo "2285"]
[BlackElo "2200"]
[PlyCount "24"]
[EventDate "1987.??.??"]
[EventType "tourn"]
[EventRounds "7"]
[EventCountry "DEN"]
[EventCategory "1"]
[SourceTitle "EXT 1997"]
[Source "ChessBase"]
[SourceDate "1996.11.15"]
[SourceVersion "1"]
[SourceVersionDate "1996.11.15"]
[SourceQuality "1"]

1. c4 g6 2. g3 Bg7 3. Bg2 c5 4. Nc3 Nc6 5. d3 d6 6. h4 Nf6 7. Bd2 Rb8 8. Nd5 0-0 9. Nh3 Bxh3 10. Bxh3 b5 11. Bg2 Qd7 12. cxb5 Rxb5 1/2-1/2

[Event "Aarhus-C"]
[Site "Aarhus"]
[Date "1987.??.??"]
[Round "4"]
[White "Kroll, Ove"]
[Black "Munck Mortensen, Peter"]
[Result "1-0"]
[WhiteElo "2305"]
[BlackElo "2200"]
[PlyCount "85"]
[EventDate "1987.??.??"]
[EventType "tourn"]
[EventRounds "7"]
[EventCountry "DEN"]
[EventCategory "1"]
[SourceTitle "EXT 1997"]
[Source "ChessBase"]
[SourceDate "1996.11.15"]
[SourceVersion "1"]
[SourceVersionDate "1996.11.15"]
[SourceQuality "1"]

1. c4 g6 2. Nc3 c5 3. g3 Bg7 4. Bg2 Nc6 5. a3 d6 6. Rb1 f5 7. b4 Qd7 8. Nf3 Bxc3 9. dxc3 Nf6 10. Nd2 Qe6 11. 0-0 Ne5 12. Nb3 Ne4 13. Bxe4 fxe4 14. bxc5 Qxc4 15. cxd6 Bh3 16. Re1 e3 17. f3 Bf5 18. Na5 Qxc3 19. Qa4+ Bd7 20. Qb4 Qxb4 21. Rxb4 b6 22. Re4 exd6 23. Nc4 Bc6 24. Nxd6+ Kd7 25. Rxe5 Kxd6 26. Rxe3 Rhe8 27. Rd3+ Kc5 28. Rc3+ Kb5 29. a4+ Kxa4 30. Rxc6 Rac8 31. Rxc8 Rxc8 32. Be3 Rc3 33. Kf2 Kb3 34. Bxb6 axb6 35. Rb1+ Kc2 36. Rxb6 Rc7 37. Rd6 Re7 38. h4 Kc3 39. e4 Ra7 40. Ke3 Kc4 41. Rc6+ Kb5 42. Rc2 Re7 43. Rc3 1-0

[Event "Aarhus-C"]
[Site "Aarhus"]
[Date "1987.??.??"]
[Round "2"]
[White "Munck Mortensen, Peter"]
[Black "Ochsner, Thomas"]
[Result "1/2-1/2"]
[WhiteElo "2200"]
[BlackElo "2265"]
[PlyCount "26"]
[EventDate "1987.??.??"]
[EventType "tourn"]
[EventRounds "7"]
[EventCountry "DEN"]
[EventCategory "1"]
[SourceTitle "EXT 1997"]
[Source "ChessBase"]
[SourceDate "1996.11.15"]
[SourceVersion "1"]
[SourceVersionDate "1996.11.15"]
[SourceQuality "1"]

1. g3 Nf6 2. Bg2 d5 3. Nf3 e6 4. 0-0 Be7 5. b3 0-0 6. c4 c5 7. Bb2 b6 8. cxd5 Nxd5 9. d4 cxd4 10. Nxd4 Bb7 11. Nc3 Nxc3 12. Bxc3 Bxg2 13. Kxg2 Qd5+ 1/2-1/2

[Event "Aarhus-C"]
[Site "Aarhus"]
[Date "1987.??.??"]
[Round "1"]
[White "Sorensen, Torben"]
[Black "Munck Mortensen, Peter"]
[Result "1-0"]
[WhiteElo "2290"]
[BlackElo "2200"]
[PlyCount "95"]
[EventDate "1987.??.??"]
[EventType "tourn"]
[EventRounds "7"]
[EventCountry "DEN"]
[EventCategory "1"]
[SourceTitle "EXT 1997"]
[Source "ChessBase"]
[SourceDate "1996.11.15"]
[SourceVersion "1"]
[SourceVersionDate "1996.11.15"]
[SourceQuality "1"]

1. d4 Nf6 2. c4 e5 3. Nf3 exd4 4. Nxd4 Bb4+ 5. Bd2 Bxd2+ 6. Qxd2 0-0 7. Nc3 d5 8. e3 Ne4 9. Qc2 Nxc3 10. Qxc3 c5 11. Nb3 d4 12. exd4 Re8+ 13. Be2 Qg5 14. Qg3 Qe7 15. Qe3 Qxe3 16. fxe3 cxd4 17. Nxd4 Rxe3 18. Kf2 Re4 19. Rad1 Bg4 20. Bxg4 Rxg4 21. Rhe1 Kf8 22. b3 Na6 23. Nb5 Nc5 24. h3 Rg6 25. b4 Ne6 26. Rd7 a5 27. bxa5 Rxa5 28. Re2 b6 29. Rb7 Ra4 30. Nd6 Rf6+ 31. Kg1 Rb4 32. Rb8+ Ke7 33. Rxb6 Rxb6 34. Nc8+ Kd7 35. Nxb6+ Kc6 36. Nd5 Rh6 37. Rf2 f6 38. Re2 Kd6 39. a4 Rh4 40. Ne3 g6 41. a5 Nc7 42. Ra2 Re4 43. Kf2 Na6 44. Rb2 Re6 45. Rb6+ Ke5 46. Ng4+ Kf5 47. Nh6+ Ke5 48. Nf7+ 1-0